Đổi mới hệ thống chính trị cho sự nghiệp công nghiệp hoá, hiện đại hoá ở Lâm Đồng /
محفوظ في:
| المؤلف الرئيسي: | |
|---|---|
| التنسيق: | أطروحة |
| اللغة: | Vietnamese |
| منشور في: |
Đà Lạt :
Trường Đại học Đà Lạt,
2003
|
| الموضوعات: | |
| الوسوم: |
إضافة وسم
لا توجد وسوم, كن أول من يضع وسما على هذه التسجيلة!
|
| Thư viện lưu trữ: | Thư viện Trường Đại học Đà Lạt |
|---|
| LEADER | 01021nam a2200349 4500 | ||
|---|---|---|---|
| 001 | DLU040026564 | ||
| 005 | ##20021230 | ||
| 040 | # | # | |a DLU |b vie |
| 041 | # | # | |a vie |
| 044 | # | # | |a vn |
| 082 | # | # | |a 320 |b HA-Q |
| 100 | # | # | |a Hà Thanh Quyền |
| 245 | # | # | |a Đổi mới hệ thống chính trị cho sự nghiệp công nghiệp hoá, hiện đại hoá ở Lâm Đồng / |c Hà Thanh Quyền |
| 260 | # | # | |a Đà Lạt : |b Trường Đại học Đà Lạt, |c 2003 |
| 300 | # | # | |a 22 tr. ; |c 29 cm |
| 504 | # | # | |a Tài liệu tham khảo : tr. 21 |
| 651 | # | # | |a Lâm Đồng |
| 653 | # | # | |a Đổi mới |
| 653 | # | # | |a Hệ thống chính trị |
| 653 | # | # | |a Lâm Đồng |
| 653 | # | # | |a Thời kì quá độ |
| 653 | # | # | |a Thời kỳ quá độ |
| 915 | # | # | |a Mác Lênin, |c Đề tài nghiên cứu khoa học cấp trường |
| 992 | # | # | |a 0 |
| 994 | # | # | |a DLU |
| 900 | # | # | |a True |
| 911 | # | # | |a Thái Thị Thanh Thủy |
| 925 | # | # | |a G |
| 926 | # | # | |a A |
| 927 | # | # | |a LA |
| 980 | # | # | |a Thư viện Trường Đại học Đà Lạt |